| 000 | 00643nam a22002297a 4500 | ||
|---|---|---|---|
| 001 | 29093 | ||
| 003 | BD-RjUL | ||
| 005 | 20211209051354.0 | ||
| 008 | 140402s1952 enk||||| |||| 001 0 eng d | ||
| 035 | _a(BD-RjUL)29178 | ||
| 040 |
_aBD-RjUL _beng _cBD-RjUL _dBD-RjUL |
||
| 041 | _aeng | ||
| 082 | 0 | 4 |
_a150.195 _bFEF 1952 |
| 100 | 1 |
_aFerenczi, Sándor _988848 |
|
| 245 | 1 | 0 |
_aFirst contributions to psycho-analysis / _cby Sándor Ferenczi |
| 260 |
_aLondon : _bKarnac Books, _c ©1952. |
||
| 300 |
_a338p. ; _c21cm. |
||
| 504 | _aInclude index | ||
| 650 | 0 |
_aPsychoanalysis. _988849 |
|
| 700 | 1 |
_a Jones, Ernest _93810 |
|
| 942 |
_2ddc _cBK |
||
| 999 |
_c29093 _d29093 |
||